Javascript in easy steps

Bibliographic Details
Main Author: McGrath, Mike
Format: Book
Published: England : Computer Step , 2002
Subjects:

MARC

LEADER 00000cam a2200000 7i4500
001 0000069708
005 20080117.0
020 |a 187402989X 
090 0 0 |a 005.2762   |b MCG 
100 1 |a McGrath, Mike 
245 1 0 |a Javascript in easy steps   |c Mike McGrath 
260 |a England :   |b Computer Step ,   |c 2002 
300 |a 192p. ;   |c 23cm. 
650 0 0 |a JavaScript (Computer program language) 
999 |a 00159631   |b BUKU   |c PINJAMAN   |e PERPUSTAKAAN KOMUNITI PETALING JAYA